[Event "Come-on Big Guys:Chess it up!"]
[Site "SchemingMind.com"]
[Date "2007.05.20"]
[Round "-"]
[White "Robert Pallett"]
[Black "mohamad_souza"]
[Result "1-0"]
[WhiteCountry "ENG"]
[BlackCountry "IRQ"]
[WhiteElo "2289"]
[WhiteRD "71"]
[BlackElo "1928"]
[BlackRD "81"]
[GameID "105279"]

1. e4 e5 2. Nf3 Nf6 3. Nxe5 Qe7 4. d4 d6 5. Nf3 Qxe4+ 6. Be2 Bf5 7. c4 Nc6 8. O-O Qg4 9. d5 Ne7 10. Ng5 Qh4
11. g3 Qh6 12. Nxf7 Qxc1 13. Nxd6+ cxd6 14. Qxc1 Ng6 15. Qe3+ Be7 16. Bd3 Ng4 17. Qe2 Bxd3 18. Qxd3 O-O 19. Nd2 N4e5 20. Qa3 a6
21. f4 Ng4 22. Rae1 Rf7 23. Ne4 Rd8 24. Qf3 Nh6 25. Qb3 Rd7 26. Ng5 Bxg5 27. fxg5 Rxf1+ 28. Kxf1 Nf7 29. Re8+ Nf8 30. c5 dxc5
31. d6 b5 32. Qe6 Rxd6 33. Qe7
1-0